000 00349nam a2200145Ia 4500
005 20240418014944.0
008 240331s9999 xx 000 0 und d
082 _bIND
_a331.4
100 _aISIS
245 0 _aIndustria women workers in Asia
260 _aItaly :
_bIsis International /
_c1985
300 _a160 p .,
650 _aWomen
942 _cL
999 _c2709
_d2709